[Event "IECG CF.2003.0.00047 email"]
[Site "IECG email"]
[Date "2003.05.20"]
[Round "?"]
[White "Jibouleau, Jean"]
[Black "Dietz, Greg"]
[Result "0-1"]
[WhiteElo "1122"]
[BlackElo "1065"]
[PlyCount "52"]
[EventDate "2003.05.20"]
[EventType "tourn (corr)"]
[EventRounds "6"]
[SourceTitle "Corr 2008"]
[Source "ChessBase"]
[SourceDate "2008.06.24"]
[SourceVersion "1"]
[SourceVersionDate "2008.06.24"]
[SourceQuality "1"]

1. e4 Nc6 2. Nf3 e5 3. Bb5 a6 4. Bxc6 dxc6 5. Nxe5 Qd4 6. 0-0 Qxe5 7. d4 Qd6 8. c4 Bd7 9. e5 Qg6 10. Nc3 0-0-0 11. d5 Ne7 12. Bf4 cxd5 13. cxd5 Nxd5 14. Nxd5 Bc6 15. Qb3 Rxd5 16. f3 Rb5 17. Qe3 Bc5 18. Qxc5 Rxc5 19. Rad1 Rc2 20. Rd2 Rd8 21. Rfd1 Rdxd2 22. Rxd2 Rxd2 23. Bxd2 Bxf3 24. g3 Qe4 25. Bc3 Qe2 26. e6 Qg2# 0-1

[Event "IECG CF.2003.0.00047 email"]
[Site "IECG email"]
[Date "2003.05.20"]
[Round "?"]
[White "Weir, Robert C"]
[Black "Dietz, Greg"]
[Result "0-1"]
[WhiteElo "1150"]
[BlackElo "1065"]
[PlyCount "64"]
[EventDate "2003.05.20"]
[EventType "tourn (corr)"]
[EventRounds "6"]
[SourceTitle "Corr 2008"]
[Source "ChessBase"]
[SourceDate "2008.06.24"]
[SourceVersion "1"]
[SourceVersionDate "2008.06.24"]
[SourceQuality "1"]

1. e4 Nc6 2. d4 d5 3. Nc3 dxe4 4. d5 Nb8 5. f3 exf3 6. Nxf3 e6 7. Bc4 Bb4 8. Qe2 Bxc3+ 9. bxc3 Qe7 10. Bg5 Nf6 11. 0-0-0 0-0 12. Qe5 Nbd7 13. Qxc7 exd5 14. Bxd5 Nxd5 15. Rxd5 f6 16. Bf4 Qa3+ 17. Kb1 Nb6 18. Qc5 Qa6 19. Rd6 Bd7 20. Nd4 Rac8 21. Qb4 Rc4 22. Qb2 Qa5 23. Rd1 Be8 24. Bd2 Bf7 25. Be1 Qh5 26. Nb3 Rcc8 27. R6d4 Qxh2 28. Qa3 Qxg2 29. Qxa7 Nc4 30. Rd7 Ra8 31. Qf2 Qc6 32. Qc5 Qa4 0-1

[Event "IECC P email"]
[Site "IECC email"]
[Date "2003.01.06"]
[Round "?"]
[White "Dietz, Greg"]
[Black "Wozniak, Zbigniew"]
[Result "1-0"]
[WhiteElo "1537"]
[BlackElo "1893"]
[PlyCount "111"]
[EventDate "2003.??.??"]
[EventType "tourn (corr)"]
[EventRounds "6"]
[SourceTitle "Corr 2008"]
[Source "ChessBase"]
[SourceDate "2008.06.24"]
[SourceVersion "1"]
[SourceVersionDate "2008.06.24"]
[SourceQuality "1"]

1. e4 Nf6 2. e5 Nd5 3. c4 Nb6 4. Nf3 d6 5. d4 Bg4 6. h3 Bxf3 7. Qxf3 Nc6 8. e6 fxe6 9. Be3 Qd7 10. Nc3 0-0-0 11. d5 Ne5 12. Qe4 exd5 13. cxd5 g6 14. f4 Nf7 15. Bb5 Qf5 16. Qxf5+ gxf5 17. Bxb6 axb6 18. Bd3 Nh6 19. g4 fxg4 20. hxg4 Kb8 21. g5 Ng4 22. Kd2 Bg7 23. Rxh7 Rxh7 24. Bxh7 Rh8 25. Bf5 Rh2+ 26. Kd3 Rh3+ 27. Kd2 Rh2+ 28. Ne2 Nf2 29. Ke3 c6 30. Nd4 cxd5 31. Rc1 Bxd4+ 32. Kxd4 Rh4 33. Kxd5 Rxf4 34. Ke6 Ng4 35. g6 Nh6 36. Bb1 Ng8 37. b3 Rf2 38. Kd7 Ka7 39. Rg1 d5 40. g7 e5 41. Bh7 Nf6+ 42. Ke6 e4 43. Rg3 b5 44. b4 Rf1 45. Ke5 Rf2 46. Bf5 Ng8 47. Be6 Nh6 48. Ra3+ Kb8 49. Rh3 Rg2 50. Kf6 Ng4+ 51. Bxg4 Rxg4 52. Rh8+ Kc7 53. g8Q Rxg8 54. Rxg8 e3 55. Ke5 e2 56. Rg1 1-0

[Event "IECC CL5-2002.25"]
[Site "IECC email"]
[Date "2002.12.13"]
[Round "?"]
[White "Krmpotic, Roman"]
[Black "Dietz, Greg"]
[Result "1/2-1/2"]
[WhiteElo "1476"]
[BlackElo "1565"]
[PlyCount "118"]
[EventDate "2002.??.??"]
[EventType "tourn (corr)"]
[EventRounds "4"]
[SourceTitle "Corr 2008"]
[Source "ChessBase"]
[SourceDate "2008.06.24"]
[SourceVersion "1"]
[SourceVersionDate "2008.06.24"]
[SourceQuality "1"]

1. e4 e5 2. Nf3 Nf6 3. d4 exd4 4. e5 Ne4 5. Qxd4 d5 6. exd6 Nxd6 7. Bg5 f6 8. Bf4 Qe7+ 9. Be2 Nc6 10. Qd1 Be6 11. Nd4 Nxd4 12. Qxd4 Nf5 13. Qc3 0-0-0 14. 0-0 g5 15. Bd2 Nd4 16. Bd3 Bg7 17. Re1 Rhe8 18. Qa5 Kb8 19. Na3 Nc6 20. Qa4 f5 21. Nc4 Nd4 22. Na5 Rd5 23. Bc4 Re5 24. Rxe5 Bxe5 25. Bxe6 Qxe6 26. Re1 a6 27. c3 Nb5 28. Nc4 Qd5 29. Qb3 f4 30. h4 h6 31. Bc1 Nd6 32. Nxe5 Rxe5 33. Qxd5 Rxd5 34. Kh2 Nf7 35. f3 Ne5 36. b3 b5 37. Re4 c6 38. c4 bxc4 39. bxc4 Ra5 40. Bd2 Rxa2 41. Bxf4 gxf4 42. Rxe5 Rc2 43. Re4 a5 44. Rxf4 a4 45. c5 a3 46. Ra4 a2 47. Kh3 h5 48. Ra5 Kc8 49. g4 hxg4+ 50. fxg4 Rc3+ 51. Kg2 Rc2+ 52. Kf3 Rc3+ 53. Kf2 Rc4 54. Rxa2 Rxg4 55. Ra8+ Kb7 56. Rh8 Ka6 57. Kf3 Rd4 58. Rh5 Kb5 59. Kg3 Rd3+ 1/2-1/2

[Event "IECG CP.2002.P.00074 email"]
[Site "IECG email"]
[Date "2002.10.01"]
[Round "?"]
[White "Rodgers, Douglas"]
[Black "Dietz, Greg"]
[Result "0-1"]
[WhiteElo "1250"]
[BlackElo "800"]
[PlyCount "32"]
[EventDate "2002.10.01"]
[EventType "tourn (corr)"]
[EventRounds "6"]
[EventCountry "URU"]
[SourceTitle "Corr 2008"]
[Source "ChessBase"]
[SourceDate "2008.06.24"]
[SourceVersion "1"]
[SourceVersionDate "2008.06.24"]
[SourceQuality "1"]

1. e4 e6 2. d4 d5 3. e5 c5 4. Nf3 Bd7 5. Be3 cxd4 6. Bxd4 Nc6 7. Nc3 Nh6 8. Bd3 Nxd4 9. Nxd4 Qb6 10. Ncb5 a6 11. a4 axb5 12. axb5 Rxa1 13. Qxa1 Bb4+ 14. c3 Qxd4 15. Qa8+ Ke7 16. Qxh8 Qxd3 0-1

[Event "IECC CL5-2002.19"]
[Site "IECC email"]
[Date "2002.09.20"]
[Round "?"]
[White "Dietz, Greg"]
[Black "Lixa, Alberto JP"]
[Result "1-0"]
[WhiteElo "1495"]
[BlackElo "1567"]
[PlyCount "57"]
[EventDate "2002.??.??"]
[EventType "tourn (corr)"]
[EventRounds "4"]
[SourceTitle "Corr 2008"]
[Source "ChessBase"]
[SourceDate "2008.06.24"]
[SourceVersion "1"]
[SourceVersionDate "2008.06.24"]
[SourceQuality "1"]

1. d4 d5 2. Nc3 Nf6 3. Bg5 Nbd7 4. f3 h6 5. Bxf6 Nxf6 6. Qd3 a6 7. e4 e6 8. e5 Nd7 9. f4 c5 10. Nf3 cxd4 11. Nxd4 Nc5 12. Qe3 Be7 13. Be2 Bh4+ 14. g3 Be7 15. Rf1 0-0 16. 0-0-0 Qc7 17. g4 Nd7 18. h4 Bxh4 19. Qh3 Be7 20. g5 Nxe5 21. fxe5 Bxg5+ 22. Kb1 Bd7 23. Nf3 Be3 24. Rd3 Bc5 25. Nh2 Bb5 26. Nxb5 axb5 27. Ng4 Kh7 28. Nxh6 f5 29. Rh1 1-0

[Event "IECG CN.2002.0.00299 email"]
[Site "IECG email"]
[Date "2002.06.29"]
[Round "?"]
[White "Castro, Leandro Nicolas"]
[Black "Dietz, Greg"]
[Result "0-1"]
[WhiteElo "800"]
[BlackElo "800"]
[PlyCount "22"]
[EventDate "2002.06.29"]
[EventType "tourn (corr)"]
[EventRounds "6"]
[SourceTitle "Corr 2008"]
[Source "ChessBase"]
[SourceDate "2008.06.24"]
[SourceVersion "1"]
[SourceVersionDate "2008.06.24"]
[SourceQuality "1"]

1. Nf3 e5 2. Nxe5 Nc6 3. Nf3 d5 4. e3 Nf6 5. Bb5 Bg4 6. Bxc6+ bxc6 7. h3 Bxf3 8. Qxf3 Be7 9. 0-0 0-0 10. d3 Re8 11. Bd2 Rb8 0-1

[Event "IECG CN.2002.0.00299 email"]
[Site "IECG email"]
[Date "2002.06.29"]
[Round "?"]
[White "Wisse, Douglas"]
[Black "Dietz, Greg"]
[Result "0-1"]
[WhiteElo "800"]
[BlackElo "800"]
[PlyCount "68"]
[EventDate "2002.06.29"]
[EventType "tourn (corr)"]
[EventRounds "6"]
[SourceTitle "Corr 2008"]
[Source "ChessBase"]
[SourceDate "2008.06.24"]
[SourceVersion "1"]
[SourceVersionDate "2008.06.24"]
[SourceQuality "1"]

1. e4 e6 2. d4 d5 3. c4 c5 4. exd5 exd5 5. Nc3 Nf6 6. Nf3 Nc6 7. Bg5 cxd4 8. Nxd4 Be7 9. Be2 0-0 10. 0-0 Be6 11. Nxe6 fxe6 12. Bxf6 Bxf6 13. cxd5 exd5 14. Nxd5 Be5 15. Qb3 Nd4 16. Ne7+ Kh8 17. Ng6+ hxg6 18. Qh3+ Kg8 19. Bc4+ Rf7 20. Rfe1 Qc7 21. Rac1 Raf8 22. Bd5 Ne2+ 23. Kf1 Nxc1 24. Qe3 Bxb2 25. Bxf7+ Qxf7 26. Qe6 Qxe6 27. Rxe6 Ba3 28. Rxg6 Bc5 29. f3 Re8 30. g4 Re2 31. h4 Rf2+ 32. Ke1 Nd3+ 33. Kd1 Be3 34. Re6 Rd2# 0-1

[Event "IECC Swiss email"]
[Site "IECC email"]
[Date "2002.06.10"]
[Round "?"]
[White "Bladyko, Pawel"]
[Black "Dietz, Greg"]
[Result "0-1"]
[WhiteElo "1364"]
[BlackElo "1432"]
[PlyCount "92"]
[EventDate "2002.??.??"]
[EventType "tourn (corr)"]
[EventRounds "6"]
[SourceTitle "Corr 2008"]
[Source "ChessBase"]
[SourceDate "2008.06.24"]
[SourceVersion "1"]
[SourceVersionDate "2008.06.24"]
[SourceQuality "1"]

1. e4 e6 2. d4 d5 3. e5 c5 4. c3 cxd4 5. cxd4 Bb4+ 6. Bd2 Bxd2+ 7. Qxd2 Nc6 8. Nf3 Nge7 9. Nc3 Bd7 10. Bd3 0-0 11. Rc1 f6 12. exf6 Rxf6 13. 0-0 Be8 14. Rfe1 Bg6 15. Be2 Qa5 16. a3 a6 17. Red1 Raf8 18. Ra1 b5 19. b4 Qb6 20. a4 Bh5 21. axb5 axb5 22. Nxb5 Bxf3 23. gxf3 Rh6 24. Rdc1 Ng6 25. Kh1 Nf4 26. Rg1 Qd8 27. Rg4 Qf6 28. Ra2 Qf5 29. Bd1 e5 30. dxe5 Nxe5 31. Rxf4 Qxf4 32. Qxf4 Rxf4 33. Bb3 Nc4 34. Rc2 Rxf3 35. Nc3 Rd6 36. Ba2 Nb6 37. Kg2 Rd3 38. Nb5 Rg6+ 39. Kf1 Rg4 40. Rb2 Kf8 41. Bb1 Rd1+ 42. Ke2 Rgg1 43. Bxh7 g6 44. Ra2 Nc4 45. f4 Kg7 46. Ra7+ Kh8 0-1